[Event "DEN-ch sf8"]
[Site "Svendborg"]
[Date "2024.03.29"]
[Round "3"]
[White "Peitersen, Andreas"]
[Black "Bruntse, Caroline Lindegaard"]
[Result "1-0"]
[WhiteElo "1815"]
[BlackElo "1746"]
[PlyCount "195"]
[EventDate "2024.03.29"]
[EventType "swiss"]
[EventRounds "7"]
[EventCountry "DEN"]
[SourceTitle "CB16_2024"]
[SourceDate "2024.04.17"]
[SourceVersion "1"]
[SourceVersionDate "2024.04.17"]
[SourceQuality "1"]

1. Nf3 d5 2. c4 e6 3. cxd5 exd5 4. g3 Nf6 5. Bg2 c6 6. b3 Bd6 7. Bb2 0-0 8. 0-0 h6 9. Qc2 Re8 10. Re1 Nbd7 11. d3 Ne5 12. Nbd2 Qb6 13. h3 Bd7 14. Rac1 Re7 15. Bd4 Qc7 16. Qb2 Rae8 17. b4 b6 18. Nxe5 Bxe5 19. Bxe5 Qxe5 20. Qxe5 Rxe5 21. Kf1 Ra8 22. Nf3 Ree8 23. Rc2 a5 24. a3 axb4 25. axb4 Ra4 26. Rb1 Rea8 27. Ke1 Ra1 28. Rxa1 Rxa1+ 29. Kd2 Rb1 30. Kc3 Ra1 31. Kb2 Ra8 32. Ne5 Re8 33. d4 Re6 34. h4 Rd6 35. e3 Kf8 36. f3 Ke7 37. b5 cxb5 38. Rc7 Ne8 39. Rb7 f6 40. Nxd7 Rxd7 41. Rxb6 Nd6 42. Bf1 Nc4+ 43. Bxc4 bxc4 44. Kc3 Ra7 45. Kb2 Rd7 46. g4 g5 47. h5 Kf7 48. Kc2 Ke7 49. f4 Rd6 50. Rb8 Rd8 51. Rb1 gxf4 52. exf4 Rg8 53. Rg1 Kd6 54. Kd2 Ke7 55. Ke3 Kf7 56. Kf3 Ke7 57. Ra1 Rc8 58. Ke2 Rg8 59. Ra7+ Ke8 60. Kf3 f5 61. gxf5 Rf8 62. Ra6 Rxf5 63. Kg4 Rf7 64. Rxh6 Rg7+ 65. Kf3 Re7 66. Rh8+ Kd7 67. Ra8 Re6 68. Ra7+ Ke8 69. f5 Rc6 70. Kg4 c3 71. Ra1 c2 72. Rc1 Kf7 73. Kg5 Kg7 74. h6+ Kh7 75. f6 Kg8 76. Kg6 Rc3 77. h7+ Kh8 78. f7 Rg3+ 79. Kf6 Rf3+ 80. Ke6 Kxh7 81. Rxc2 Re3+ 82. Kf6 Rf3+ 83. Ke7 Re3+ 84. Kf8 Rh3 85. Re2 Rb3 86. Rh2+ Kg6 87. Kg8 Rb8+ 88. f8Q Rxf8+ 89. Kxf8 Kf5 90. Re2 Kf4 91. Kf7 Kf3 92. Re5 Kf4 93. Kf6 Kf3 94. Kf5 Kf2 95. Kf4 Kg2 96. Re2+ Kh3 97. Rf2 Kh4 98. Rh2# 1-0

[Event "DEN-ch U14 rapid"]
[Site "Odense"]
[Date "2022.09.30"]
[Round "3"]
[White "Hoejstrup Christensen, John Christopher"]
[Black "Bruntse, Caroline Lindegaard"]
[Result "1-0"]
[WhiteElo "1855"]
[BlackElo "1402"]
[PlyCount "83"]
[EventDate "2022.09.30"]
[EventType "swiss"]
[EventRounds "5"]
[EventCountry "DEN"]
[SourceTitle "EXT 2024"]
[Source "ChessBase"]
[SourceDate "2023.10.10"]
[SourceVersion "1"]
[SourceVersionDate "2023.10.10"]
[SourceQuality "1"]

1. e4 c5 2. Nf3 d6 3. d4 cxd4 4. Nxd4 Nf6 5. Nc3 g6 6. Be3 Bg7 7. Bc4 0-0 8. Qd2 Nc6 9. f3 Na5 10. Bb3 Nxb3 11. axb3 a6 12. g4 Bd7 13. 0-0-0 Rc8 14. Kb1 Qc7 15. h4 b5 16. Nde2 a5 17. g5 Nh5 18. Nd5 Qd8 19. Bb6 Qe8 20. Bxa5 Be6 21. Nb6 Rb8 22. b4 Rb7 23. Qe3 Qb8 24. Nd5 Rc8 25. Rhf1 Bxd5 26. Rxd5 Qa7 27. Qxa7 Rxa7 28. Rxb5 Ra6 29. c3 Rac6 30. Kc2 Be5 31. f4 Bg7 32. Rb7 e6 33. Rd7 Rc4 34. Kd3 R4c6 35. Ra1 Ra8 36. Ra3 Bf8 37. Ke3 Rca6 38. Nd4 Bg7 39. Nb5 Rc6 40. Nxd6 Rf8 41. b5 Rc5 42. Bb4 1-0

[Event "Nordic-ch U16 Girls"]
[Site "Oslo"]
[Date "2022.05.14"]
[Round "2"]
[White "Bruntse, Caroline Lindegaard"]
[Black "Jokinen, Sini"]
[Result "1-0"]
[WhiteElo "1503"]
[BlackElo "1381"]
[PlyCount "95"]
[EventDate "2022.05.13"]
[EventType "swiss"]
[EventRounds "5"]
[EventCountry "NOR"]
[SourceTitle "EXT 2024"]
[Source "ChessBase"]
[SourceDate "2023.10.10"]
[SourceVersion "1"]
[SourceVersionDate "2023.10.10"]
[SourceQuality "1"]

1. d4 e6 2. c4 f5 3. Nc3 Nf6 4. Nf3 Bb4 5. Qb3 a5 6. a3 a4 7. Qc2 Bxc3+ 8. Qxc3 Ne4 9. Qc2 d6 10. e3 Nd7 11. Bd3 Ndf6 12. h3 h5 13. Nd2 d5 14. cxd5 exd5 15. h4 0-0 16. f3 Nd6 17. Nf1 Bd7 18. Bd2 Qc8 19. Rc1 Bb5 20. Bb4 Bxd3 21. Qxd3 Nfe8 22. Ng3 g6 23. Ne2 Rf7 24. Nf4 c6 25. Nxd5 Qd8 26. Nf4 Kh7 27. Ne6 Qe7 28. Ng5+ Kg7 29. Nxf7 Kxf7 30. g3 Nf6 31. Kf2 Re8 32. Rhe1 Nd5 33. Bxd6 Qxd6 34. Qc4 Qe7 35. b4 axb3 36. Qxb3 Kf6 37. Rb1 c5 38. Qxd5 g5 39. Rb6+ Kg7 40. Rxb7 Kf6 41. Rxe7 Rxe7 42. hxg5+ Kxg5 43. Qd8 Kf6 44. Rb1 Kf7 45. Qd5+ Kf6 46. Rb6+ Kg5 47. Qg8+ Rg7 48. Qxg7# 1-0

[Event "DEN-ch Kort1 Gr-2"]
[Site "Svendborg"]
[Date "2022.04.11"]
[Round "5"]
[White "Bruntse, Caroline Lindegaard"]
[Black "Gravlund Andersen, Malte"]
[Result "1-0"]
[WhiteElo "1471"]
[BlackElo "1350"]
[PlyCount "69"]
[EventDate "2022.04.09"]
[EventType "swiss"]
[EventRounds "5"]
[EventCountry "DEN"]
[SourceTitle "EXT 2024"]
[Source "ChessBase"]
[SourceDate "2023.10.10"]
[SourceVersion "1"]
[SourceVersionDate "2023.10.10"]
[SourceQuality "1"]

1. d4 Nf6 2. c4 e6 3. Nc3 Bb4 4. Bd2 0-0 5. Nf3 b6 6. a3 Bxc3 7. Bxc3 Bb7 8. e3 Ne4 9. Bd2 Qf6 10. Rc1 Nc6 11. Be2 a5 12. 0-0 Ne7 13. Bc3 Nxc3 14. Rxc3 d6 15. Nd2 c5 16. Bf3 cxd4 17. exd4 Bxf3 18. Nxf3 d5 19. Ne5 Rfd8 20. Qd2 dxc4 21. Rd1 b5 22. Rf3 Qxe5 23. dxe5 Rxd2 24. Rxd2 Nc6 25. Re3 Kf8 26. f4 Ke7 27. Rd6 Rc8 28. Re2 Rd8 29. Red2 Rxd6 30. Rxd6 Nd8 31. Rb6 Kd7 32. Rxb5 Kc6 33. Rxa5 Nb7 34. Ra4 Kb5 35. Rb4+ 1-0